000 00724nam a2200217 a 4500
001 BRCA_4502
005 20190320204708.0
008 140910s1867----gw-#######---#000-0#fre-#
041 _afre
044 _agw
050 4 _aF1233
_b.K47 1867
100 1 _aKératry, Le Emile Comte de
_d1832-1904
_911403
245 1 0 _aL´Empereur Maximilien, son élévation et sa chute
_cD´Après des documents inédits par Le Comté Emile De Kératry.
260 _aLeipzig, Alemania
_bDuncker et Humblot
_c1867
300 _a323 p.
_c20 cm.
500 _aCG9
600 1 4 _aMaximiliano
_cEmperador de México
_d1832-1867
_94582
650 1 4 _aMéxico
_vHistoria
_xIntervernción francesa
_y1861-1867
_911404
902 _aGFM
942 _2lcc
_cB
999 _c4208
_d4208